| 000 | 00417nam a22001457a 4500 | ||
|---|---|---|---|
| 008 | 230321b |||||||| |||| 00| 0 eng d | ||
| 040 |
_aNational Science Library _cNational Science Library |
||
| 080 |
_a311.2.001.7 _bK8 |
||
| 100 | _aBachi, Roberto | ||
| 245 | _aGraphical rational patterns | ||
| 260 |
_aNew York: _bIsrael Universities Press, _c1968 |
||
| 300 | _a243p. | ||
| 650 | _aScience | ||
| 942 |
_2udc _cBK |
||
| 999 |
_c48086 _d48086 |
||